00000000nam##2200000za#4500
0019.574549
003CaOODSP
00520210624184234
007cr |||||||||||
008150406|1995||||xxc|||||o    f|0| 0 eng|d
022 |a1205-9153
040 |aCaOODSP|beng
043 |an-cn---
0861 |aCS11-0019/67E-PDF
24500|aXEcon : |h[electronic resource]|ban experimental/evolutionary model of economic growth / |cby Michael C. Wolfson.
260 |aOttawa - Ontario : |bStatistics Canada |cJuin [i. e. June] 1995.
300 |a24p.|bfigs., graphs, references
4901 |aAnalytical Studies Branch research paper series|x1205-9153|vNo. 67
500 |aThe catalogue number (11F0019MPE) and ISBN (0-662-21718-7) for the print edition have been incorrectly copied in this electronic publication.
5203 |aThis paper provides a brief sketch of a new microsimulation model, XEcon, under development at Statistics Canada. Since XEcon is a work in progress, there are no results to report.--Introduction
590 |a12-34-Supp|b2012-07-31
69007|aEconomic analysis|2gcpds
7102 |aStatistics Canada.
7201 |aWolfson, Michael C.
77508|tXEcon : |w(CaOODSP)9.604293
7760#|tXEcon: an experimental/evolutionary model of economic growth / |w(CaOODSP)9.612510
830#0|aResearch paper series (Statistics Canada. Analytical Studies Branch)|x1205-9153|vNo. 67|w(CaOODSP)9.504421
85640|ahttp://publications.gc.ca|qPDF|s106 KB|uhttps://publications.gc.ca/collections/Collection/CS11-0019-67E.pdf|yNo. 67